=LDR 00000nam 2200000 4500 =001 INLIS000000000026407 =005 20130612124842 =008 ***********************************ind** =035 ##$$0010-061300000026407 =041 ##$$a ind =082 ##$$a F Rom K =090 ##$$a F Rom K, Gos a =100 ##$$a Goscinny =245 ##$$a Asterix Prajurit Galia, Goscinny, Uderzo =250 ##$$a Kisah petualangan Asterix =260 ##$$a 1995 $b Jakarta =300 ##$$a 48 hlm., ilus., 29 cm =650 ##$$a Cerita kanak-kanak Perancis =850 ##$$a NBPNMAT